Univerzální vázání pro krátká stání /

Hlavní autor: Hašek, Anton
Další autoři: Kotry, Július
Jazyk: Čeština
Vydáno: Praha : Ústav vědeckotechnických informací Československé akademie zemědělské, 1970
Edice: Metodiky pro zavádění výsledků výzkumu do praxe
Fyzický popis: 12 s. : il. ; 8°
Knihy
Uloženo v:
LEADER 01062nam a22002892a 4500
001 001600032
003 CZ BrMZK
005 20171018104714.0
007 ta
008 171018s1970 xr a er|||||||||||cze d
015 |a cnb000430827 
035 |a (OCoLC)42157917 
040 |a ABA001  |b cze  |c ABA001  |d ABA001  |d BOA001 
041 1 |a cze  |h slo 
080 9 |a 636.2.083.1 
100 1 |a Hašek, Anton  |4 aut 
245 1 0 |a Univerzální vázání pro krátká stání /  |c zprac. Anton Hašek a Július Kotry ; ze slov. přel. R. Vovsová 
260 |a Praha :  |b Ústav vědeckotechnických informací Československé akademie zemědělské,  |c 1970 
300 |a 12 s. :  |b il. ;  |c 8° 
490 1 |a Metodiky pro zavádění výsledků výzkumu do praxe ;  |v r. 1970, č. 11 
504 |a Obsahuje bibliografii 
700 1 |a Kotry, Július  |4 edt 
830 0 |a Metodiky pro zavádění výsledků výzkumu do praxe 
910 |a BOA001  |b X-0657.184 
990 |a BK 
991 |b 201710 
996 6 |b 2618912186  |c X-0657.184  |l MZK  |r Sklad / do 24 hodin  |n 0  |w 001635362  |u 000010  |a 1  |e BOA001  |j MZK50  |s P